000 00656nam a22002057a 4500
003 OSt
005 20260506074558.0
008 260506b |||||||| |||| 00| 0 eng d
020 _a971-07-2331-6
040 _aDWCL-Main Lib
_cOC
082 _aFil. 959.9 P552 2006
100 _aBOoncan, Celestina P. ...[ET.AL].
245 _aPhilippine civilization : history and government /
300 _av , 428 p. :
_bill. ;
_c26 cm.
504 _aIncludes bibliographical references and index.
650 _aPhilippine - Civilization.
650 _aPhilippine - History - Government.
650 _aPhilippine - History.
942 _2ddc
_cBK - FIL
_mFil.
_n0
999 _c10289
_d10289